Guía interactiva de lectura complementaria Zig-Zag

Gorde:
Xehetasun bibliografikoak
Formatua: Liburua
Hizkuntza:gaztelania
Argitaratua: Santiago Zig-Zag 2004
Edizioa:1a. ed
Gaiak:
Etiketak: Etiketa erantsi
Etiketarik gabe, Izan zaitez lehena erregistro honi etiketa jartzen!

MARC

LEADER 00000nam a2200000 a 4500
001 UCH9804
003 CL-VaPUC
008 100121e20040300CL |||||||||||||||||spa|d
020 |a 9561216280 
082 0 4 |a 808.068  |b GUI  |2 21 
245 1 0 |a Guía interactiva de lectura complementaria Zig-Zag 
250 |a 1a. ed 
300 |a 166 p 
942 |c BK 
945 |d 20100121 00:00:00  |a dcastane 
260 |a Santiago  |b Zig-Zag  |c 2004 
650 0 |a Literatura infantil   |9 307465 
650 0 |a Crítica literaria   |9 269189 
650 7 |a LECTURAS COMPLEMENTARIAS  |2 CL-VaPUC  |9 530342 
651 7 |a CHILE  |2 CL-VaPUC  |9 547091 
583 |a last modification  |c 20100121 00:00:00  |k Rodrigo Vera 
999 |c 339693  |d 339691